Compo - France 3-0 Brésil 1998 - World Cup Final - Statistiques

Statistiques générales
  • Ce quiz a été pris 100 fois
  • Le résultat moyen est 9 sur 11
Statistiques - réponses
Joueur/Club % Correct
Z. Zidane
99%
F. Barthez
97%
M. Desailly
88%
D. Deschamps
87%
B. Lizarazu
86%
E. Petit
86%
L. Thuram
86%
Y. Djorkaeff
75%
F. Leboeuf
68%
S. Guivarc'h
66%
C. Karembeu
53%
Aucun quiz correspondant
Distribution des résultats
% des personnes avec chaque résultat
Percentile par nombre de réponses
Votre historique - résultats
Vous n’avez pas pris ce quiz